000 00825nam a22002417a 4500
005 20240216155344.0
008 231130b ||||| |||| 00| 0 eng d
020 _a9780199758785
020 _a9780191076558
020 _a9780191818677
020 _a9780191076565 |q (epub)
040 _aCO-BoUCM
_cDavid Moreno
_dDavid Moreno
041 _aeng
060 _aWG 120
245 1 0 _aState of the art surgical coronary revascularization /
_bDavid Taggart, John Puskas.
250 _a1st.
260 _aNew York
_bOxford University Press
_c2020
650 1 7 _aCirugía del corazón
_xRevascularización del miocardio
_9179318
650 1 7 _aEnfermedad coronaria
_xCirugía
_9179319
700 1 _aTaggart, David
_9179320
700 1 _aPuskas, John
_eeditor
_9179321
942 _2NLM
_a15
_cLIBRO
_e1
_hWG 120
_mT125
_n0
999 _c323352
_d323352